000 00780naa a22002297u 4500
001 20884
003 HDC
007 cr bn ---aaaaa
008 210306t201001 xx 000 0 eng
040 _aHDC
245 0 _aWORLD HALAL FORUM SUCCESSFUL AT FIRST REGIONAL EXCURSION
260 _a[No place] :
_b[publisher not identified],
_c2010
336 _atext
_2rdacontent
337 _acomputer
_2rdamedia
338 _aonline resource
_2rdacarrier
650 _aHalal food industry
_vExhibitions
_zMalaysia
_918707
650 _aMuslims
_9247
856 _zRequest full-text at [email protected]
942 _2lcc
942 _cEIJ
942 _kEMAG 000915
999 _c18200
_d18200